000 00760nam a2200229Ii 4500
003 JO-AjNU
008 230605s9999||||xx |||||||||||||| ||und||
017 _a1993/8149
020 _a977-271-099-9
040 _aJO-AjNU
_bara
_erda
_cJO-AjNU
041 _aara
050 1 4 _aPJ7862.H67.A47 1996
100 3 _aتأليف عبدالحكيم،شوقي,
_eauthor
_916478
245 0 0 _aالأميرة ذات الهمة " أطول سيرة عربية في التاريخ "
250 _aط2
264 3 1 _aالقاهرة: الدار المصرية اللبنانية،1996
300 _a241ص
336 _atext
_btxt
_2rdacontent
337 _aunmediated
_bn
_2rdamedia
338 _avolume
_bnc
_2rdacarrier
650 4 _aالأدب العربي - قصص
_916479
999 _aA4895
_c8463
_d8463